Cambridge advanced learner's dictionary

Tallennettuna:
Bibliografiset tiedot
Aineistotyyppi: Kirja
Kieli:Undetermined
Julkaistu: Cambridge, U.K. Cambridge University Press 2008
Aiheet:
Tagit: Lisää tagi
Ei tageja, Lisää ensimmäinen tagi!
Thư viện lưu trữ: Trung tâm Học liệu Trường Đại học Cần Thơ
LEADER 00476nam a2200169Ia 4500
001 CTU_153416
008 210402s9999 xx 000 0 und d
082 |a 423 
082 |b C178 
245 0 |a Cambridge advanced learner's dictionary 
245 0 |c Cambridge University Press 
260 |a Cambridge, U.K. 
260 |b Cambridge University Press 
260 |c 2008 
650 |a English language 
904 |i Giang 
980 |a Trung tâm Học liệu Trường Đại học Cần Thơ